Statistics for Names of the United States

Click here to take the quiz!

General Stats

  • This quiz has been taken 1,241 times
  • The average score is 10 of 16

Answer Stats

HintLanguage% Correct
United States of AmericaEnglish
100%
Estados Unidos de AméricaSpanish
88%
Соединённые Штаты АмерикиRussian
84%
美利堅合眾國 or 美国Chinese
83%
アメリカ合衆国Japanese
82%
États-Unis d'AmériqueFrench
81%
Vereinigte Staaten von AmerikaGerman
73%
Ηνωμένες Πολιτείες της ΑμερικήςGreek
64%
ארצות הברית של אמריקהHebrew
61%
Stati Uniti d'AmericaItalian
61%
Hợp Chúng Quốc Hoa KỳVietnamese
58%
ایالات متحده آمریکاPersian
45%
Civitates Foederatae AmericaeLatin
40%
‘Amelika Hui Pū ‘iaHawaiian
36%
Stáit Aontaithe MheiriceáGaelic
20%
ᏌᏊᎢᏳᎾᎵᏍᏔᏅᏍᎦᏚᎩ ᎾᎿ ᎠᎺᏰᏟCherokee
9%

Score Distribution

Percentile by Number Answered

Percent of People with Each Score

Your Score History

You have not taken this quiz